[Event "Laval op"]
[Site "Laval"]
[Date "2019.06.21"]
[Round "1"]
[White "Abdelaal, Ibrahim"]
[Black "Chiku Ratte, Olivier Kenta"]
[Result "0-1"]
[WhiteElo "1903"]
[BlackElo "2364"]
[PlyCount "104"]
[EventDate "2019.06.21"]
[EventType "swiss"]
[EventRounds "5"]
[EventCountry "CAN"]
[SourceTitle "CBM 191 Extra"]
[Source "ChessBase"]
[SourceDate "2019.09.30"]
[SourceVersion "1"]
[SourceVersionDate "2019.09.30"]
[SourceQuality "1"]

1. e4 d6 2. d4 Nf6 3. Nc3 g6 4. Bg5 Bg7 5. Qd2 h6 6. Bh4 c6 7. Bd3 e5 8. dxe5 dxe5 9. Nf3 Qc7 10. h3 Nh5 11. Ne2 0-0 12. Bg3 Nxg3 13. Nxg3 Nd7 14. 0-0 Nc5 15. Rad1 Nxd3 16. Qxd3 Qa5 17. a3 Be6 18. b4 Qb5 19. Rfe1 Rfc8 20. Nf1 a5 21. Ne3 Qxd3 22. Rxd3 axb4 23. axb4 Ra4 24. c3 Ra3 25. Red1 Kf8 26. g4 Ke7 27. Kg2 Rca8 28. Nd2 b5 29. Nf3 Rb3 30. Nd2 Rb2 31. Rb1 Rxb1 32. Nxb1 Bf6 33. Nd2 Bg5 34. Nf3 Bf4 35. Ng1 Ra2 36. Kf3 Bxe3 37. Rxe3 Bc4 38. Ne2 Rc2 39. Ng3 Kd6 40. h4 Be6 41. Rd3+ Kc7 42. h5 Bc4 43. hxg6 fxg6 44. Re3 Kd6 45. Kg2 Be6 46. Rd3+ Ke7 47. Kf3 Bc4 48. Re3 Kf6 49. Nh1 Kg5 50. Ng3 Be6 51. Nf1 Bxg4+ 52. Kg3 h5 0-1

[Event "Montreal Mercredi 02"]
[Site "Montreal"]
[Date "2019.03.06"]
[Round "3"]
[White "Abdelaal, Ibrahim"]
[Black "Zheng, Richard"]
[Result "0-1"]
[WhiteElo "2099"]
[BlackElo "2120"]
[PlyCount "78"]
[EventDate "2019.02.20"]
[EventType "swiss"]
[EventRounds "5"]
[EventCountry "CAN"]
[SourceTitle "EXT 2022"]
[Source "ChessBase"]
[SourceDate "2021.10.06"]
[SourceVersion "1"]
[SourceVersionDate "2021.10.06"]
[SourceQuality "1"]

1. e4 c6 2. d4 d5 3. e5 c5 4. c3 Nc6 5. Bb5 Qb6 6. Bxc6+ bxc6 7. dxc5 Qxc5 8. Be3 Qa5 9. Ne2 e6 10. 0-0 Ne7 11. b4 Qc7 12. f4 Nf5 13. Bf2 c5 14. b5 h5 15. Nd2 Bb7 16. a4 Be7 17. a5 a6 18. b6 Qc6 19. Qa4 Qxa4 20. Rxa4 Rc8 21. Ra2 Rg8 22. Nf3 h4 23. Ng5 Bxg5 24. fxg5 f6 25. Nf4 Kf7 26. g6+ Ke7 27. Re1 Rge8 28. Rae2 d4 29. cxd4 cxd4 30. exf6+ Kxf6 31. Rxe6+ Rxe6 32. Rxe6+ Kg5 33. Nh3+ Kh6 34. Be1 Rc2 35. Nf2 d3 36. Nxd3 Rxg2+ 37. Kf1 Rxh2 38. Nf2 Ng3+ 39. Kg1 Rg2# 0-1

[Event "Montreal Vendredi 01"]
[Site "Montreal"]
[Date "2019.01.11"]
[Round "1"]
[White "Abdelaal, Ibrahim"]
[Black "Chang, Alexander Rz"]
[Result "1/2-1/2"]
[WhiteElo "2022"]
[BlackElo "1942"]
[PlyCount "59"]
[EventDate "2019.01.11"]
[EventType "tourn"]
[EventRounds "3"]
[EventCountry "CAN"]
[SourceTitle "EXT 2022"]
[Source "ChessBase"]
[SourceDate "2021.10.06"]
[SourceVersion "1"]
[SourceVersionDate "2021.10.06"]
[SourceQuality "1"]

1. e4 e5 2. Nf3 Nc6 3. Bc4 Bc5 4. b4 Bxb4 5. c3 Ba5 6. d4 exd4 7. 0-0 d6 8. Qb3 Qe7 9. Bg5 Nf6 10. cxd4 0-0 11. Nc3 Bxc3 12. Qxc3 h6 13. Bh4 g5 14. e5 Ne4 15. Qe3 Bf5 16. Bd5 dxe5 17. Bxc6 bxc6 18. Bg3 exd4 19. Nxd4 Qf6 20. Rac1 c5 21. Nxf5 Qxf5 22. Bxc7 Rac8 23. f3 Rxc7 24. fxe4 Qe6 25. Qg3 Re7 26. Rxc5 Qxe4 27. Rxg5+ hxg5 28. Qxg5+ Kh8 29. Qh6+ Kg8 30. Qg5+ 1/2-1/2

[Event "Montreal Mercredi 11"]
[Site "Montreal"]
[Date "2018.12.12"]
[Round "5"]
[White "Abdelaal, Ibrahim"]
[Black "Tremblay, Alain"]
[Result "0-1"]
[WhiteElo "2066"]
[BlackElo "2084"]
[PlyCount "38"]
[EventDate "2018.11.14"]
[EventType "swiss"]
[EventRounds "5"]
[EventCountry "CAN"]
[SourceTitle "EXT 2022"]
[Source "ChessBase"]
[SourceDate "2021.10.06"]
[SourceVersion "1"]
[SourceVersionDate "2021.10.06"]
[SourceQuality "1"]

1. e4 c5 2. Nf3 e6 3. b4 b6 4. bxc5 bxc5 5. Nc3 Nc6 6. d4 cxd4 7. Nxd4 Bb4 8. Nde2 Ba6 9. Bd2 Nf6 10. f3 d5 11. exd5 exd5 12. a3 Ba5 13. Na4 0-0 14. Nc5 Bc4 15. Nb3 Bb6 16. Bc3 Re8 17. Nbd4 Rc8 18. Nxc6 Rxc6 19. Qd2 Bxe2 0-1

[Event "Montreal CC-ch"]
[Site "Montreal"]
[Date "2018.06.09"]
[Round "2.1"]
[White "Abdelaal, Ibrahim"]
[Black "Yu, Zong Yang"]
[Result "1/2-1/2"]
[WhiteElo "1929"]
[BlackElo "2483"]
[PlyCount "78"]
[EventDate "2018.06.08"]
[EventType "swiss"]
[EventRounds "5"]
[EventCountry "CAN"]
[SourceTitle "EXT 2022"]
[Source "ChessBase"]
[SourceDate "2021.10.06"]
[SourceVersion "1"]
[SourceVersionDate "2021.10.06"]
[SourceQuality "1"]

1. e4 c5 2. Nf3 e6 3. b4 cxb4 4. d4 d5 5. e5 Bd7 6. Bd3 Be7 7. 0-0 Nc6 8. a3 Qb6 9. Be2 h5 10. axb4 Bxb4 11. Na3 Nh6 12. c4 a6 13. c5 Qd8 14. Bg5 Qb8 15. Nc2 Ba5 16. Bxh6 Rxh6 17. Ne3 Bd8 18. Qd3 f6 19. exf6 Bxf6 20. Rab1 Ra7 21. Rb6 g5 22. Nc2 g4 23. Qe3 Rh8 24. Ng5 Ke7 25. Nb4 Bxg5 26. Qxg5+ Kf7 27. Bd3 Qd8 28. Qg6+ Kf8 29. Re1 Rg8 30. Qh6+ Rg7 31. Nxc6 bxc6 32. Qf4+ Rf7 33. Qh6+ Rg7 34. Rb8 Bc8 35. Rxc8 Qxc8 36. Qh8+ Rg8 37. Qf6+ Rf7 38. Qh6+ Ke7 39. Qxh5 Qb8 1/2-1/2

[Event "Montreal Mercredi 05"]
[Site "Montreal"]
[Date "2018.05.30"]
[Round "4"]
[White "Abdelaal, Ibrahim"]
[Black "O'Neill, Brendon"]
[Result "1-0"]
[WhiteElo "1827"]
[BlackElo "1767"]
[PlyCount "57"]
[EventDate "2018.05.09"]
[EventType "swiss"]
[EventRounds "5"]
[EventCountry "CAN"]
[SourceTitle "EXT 2022"]
[Source "ChessBase"]
[SourceDate "2021.10.06"]
[SourceVersion "1"]
[SourceVersionDate "2021.10.06"]
[SourceQuality "1"]

1. e4 c5 2. Nf3 d6 3. b4 cxb4 4. d4 Bg4 5. h3 Bxf3 6. Qxf3 a6 7. Bc4 e6 8. 0-0 b5 9. Bb3 Nc6 10. d5 Nd4 11. Qd3 e5 12. Be3 Be7 13. Bxd4 exd4 14. a4 bxa3 15. Rxa3 Qb6 16. c4 dxc3 17. Nxc3 Nf6 18. Nxb5 0-0 19. Nd4 Nd7 20. Nc6 Bf6 21. Bc2 Nc5 22. Qg3 Qb2 23. Bb1 Rfe8 24. Ra2 Nxe4 25. Qf4 Qb3 26. Re2 Nc3 27. Rxe8+ Rxe8 28. Qf5 Qxd5 29. Qxh7+ 1-0

[Event "Montreal Mercredi 04"]
[Site "Montreal"]
[Date "2018.05.02"]
[Round "5"]
[White "Abdelaal, Ibrahim"]
[Black "Guipi Bopala, Prince Eric Jr"]
[Result "1-0"]
[WhiteElo "1829"]
[BlackElo "1857"]
[PlyCount "121"]
[EventDate "2018.04.04"]
[EventType "swiss"]
[EventRounds "5"]
[EventCountry "CAN"]
[SourceTitle "EXT 2022"]
[Source "ChessBase"]
[SourceDate "2021.10.06"]
[SourceVersion "1"]
[SourceVersionDate "2021.10.06"]
[SourceQuality "1"]

1. e4 e5 2. Nf3 Nc6 3. Bc4 Bc5 4. b4 Bxb4 5. c3 Ba5 6. d4 exd4 7. 0-0 Nge7 8. cxd4 d5 9. exd5 Nxd5 10. Ba3 Be6 11. Nbd2 Bb4 12. Bxb4 Ncxb4 13. Qa4+ Nc6 14. Ba6 Nc3 15. Qa3 bxa6 16. Qxc3 Ne7 17. d5 Qxd5 18. Qxg7 Rg8 19. Qf6 Qc6 20. Rac1 Qb7 21. Rfe1 Rd8 22. Ne4 Rg6 23. Qh8+ Rg8 24. Nf6+ Kf8 25. Nxh7+ Ke8 26. Nf6+ Kf8 27. Nxg8 Nxg8 28. Ng5 Bf5 29. Nh7+ Bxh7 30. Qxh7 Qb6 31. Qc2 Rd7 32. Qc5+ Kg7 33. Qg5+ Kf8 34. Rcd1 Rd6 35. Rxd6 Qxd6 36. Qe5 Qd2 37. h4 Qxa2 38. Qxc7 a5 39. Qxa7 a4 40. Qb8+ Kg7 41. Re3 Nh6 42. Rg3+ Kh7 43. Qe5 Qb1+ 44. Kh2 Nf5 45. Rg5 a3 46. Qxf5+ Qxf5 47. Rxf5 a2 48. Ra5 Kg6 49. Rxa2 Kh5 50. Ra7 Kxh4 51. Rxf7 Kg4 52. f3+ Kg5 53. g4 Kh4 54. Kg2 Kg5 55. Kg3 Kg6 56. Rf5 Kh6 57. f4 Kg6 58. Kh4 Kh6 59. Rg5 Kh7 60. f5 Kh8 61. f6 1-0

[Event "Mercredi 2015.05.13 ABCD"]
[Site "Montreal"]
[Date "2015.05.13"]
[Round "1"]
[White "Abdelaal, Ibrahim"]
[Black "Johnson Constantin, Matthieu"]
[Result "1-0"]
[WhiteElo "1792"]
[BlackElo "1770"]
[PlyCount "73"]
[EventDate "2015.05.13"]
[EventType "tourn"]
[EventRounds "5"]
[EventCountry "CAN"]
[SourceTitle "EXT 2019"]
[Source "ChessBase"]
[SourceDate "2018.10.10"]
[SourceVersion "1"]
[SourceVersionDate "2018.10.10"]
[SourceQuality "1"]

1. e4 e6 2. d4 d5 3. Nd2 Nf6 4. e5 Nfd7 5. Bd3 c5 6. c3 Nc6 7. Ne2 Qb6 8. 0-0 cxd4 9. cxd4 Nxd4 10. Nxd4 Qxd4 11. Nf3 Qb6 12. Qa4 a6 13. Qg4 Qb4 14. Qg3 h5 15. h3 h4 16. Qg5 Qe7 17. Qg4 Nc5 18. Bg5 Qd7 19. Bc2 Qb5 20. b3 Qe2 21. Rac1 Ne4 22. Be3 Nc3 23. Qd4 Nb5 24. Qb6 Be7 25. Qa5 Bd8 26. Bb6 Bxb6 27. Qxb6 Na3 28. Qc5 Nxc2 29. Rxc2 Qb5 30. Qa3 Bd7 31. Rfc1 Qb6 32. Rc7 Rd8 33. Ng5 Rf8 34. Nxf7 Kxf7 35. Rxd7+ Kg6 36. Qe7 Rg8 37. Rd6 1-0

[Event "Montreal Mercredi 04"]
[Site "Montreal"]
[Date "2015.04.22"]
[Round "4"]
[White "Gates, Claude Eric"]
[Black "Abdelaal, Ibrahim"]
[Result "1-0"]
[WhiteElo "1829"]
[BlackElo "1835"]
[PlyCount "73"]
[EventDate "2015.04.01"]
[EventType "swiss"]
[EventRounds "5"]
[EventCountry "CAN"]
[SourceTitle "EXT 2022"]
[Source "ChessBase"]
[SourceDate "2021.10.06"]
[SourceVersion "1"]
[SourceVersionDate "2021.10.06"]
[SourceQuality "1"]

1. c4 Nf6 2. g3 e6 3. Bg2 d5 4. cxd5 exd5 5. Nf3 Bd6 6. Nc3 c6 7. 0-0 0-0 8. d4 h6 9. Qc2 Re8 10. Re1 Nbd7 11. Rb1 Nf8 12. b4 Bg4 13. b5 Bh5 14. Qa4 Bg6 15. Ra1 c5 16. dxc5 Bxc5 17. Rd1 Ne4 18. Nxe4 Rxe4 19. Nd4 Bxd4 20. Rxd4 Rxe2 21. Qd1 Rc2 22. Rxd5 Qf6 23. Be3 Ne6 24. Rd6 Rc7 25. Rc1 Rac8 26. Rxc7 Rxc7 27. Bxa7 Qb2 28. Be3 Qxb5 29. Rxe6 Rd7 30. Rd6 Bc2 31. Qd2 Qb1+ 32. Bf1 Re7 33. Rd8+ Kh7 34. Qc1 Qxa2 35. Rd2 Rc7 36. Rxc2 Qxc2 37. Qxc2+ 1-0

[Event "Montreal Mercredi 01"]
[Site "Montreal"]
[Date "2015.02.04"]
[Round "5"]
[White "Abdelaal, Ibrahim"]
[Black "Langlois Remillard, Alexis"]
[Result "0-1"]
[WhiteElo "1785"]
[BlackElo "1828"]
[PlyCount "58"]
[EventDate "2015.01.07"]
[EventType "swiss"]
[EventRounds "5"]
[EventCountry "CAN"]
[SourceTitle "EXT 2022"]
[Source "ChessBase"]
[SourceDate "2021.10.06"]
[SourceVersion "1"]
[SourceVersionDate "2021.10.06"]
[SourceQuality "1"]

1. e4 g6 2. d4 Bg7 3. f4 c5 4. c3 e6 5. Nf3 Ne7 6. Bd3 cxd4 7. cxd4 Nbc6 8. e5 Nf5 9. Bxf5 gxf5 10. 0-0 b6 11. Nc3 a6 12. d5 Ne7 13. Be3 Bb7 14. dxe6 fxe6 15. Rc1 h6 16. a4 Nd5 17. Nxd5 Bxd5 18. Nd4 0-0 19. Qh5 d6 20. Rfd1 Qe7 21. g4 dxe5 22. Nxf5 exf5 23. Rxd5 exf4 24. Bf2 Qe2 25. Rxf5 Rxf5 26. Qxf5 Rf8 27. Qg6 Qxb2 28. Rc7 Qa1+ 29. Kg2 f3+ 0-1

[Event "Montreal Mercredi 05"]
[Site "Montreal"]
[Date "2014.05.14"]
[Round "1"]
[White "Abdelaal, Ibrahim"]
[Black "Brassard, Sylvain"]
[Result "1-0"]
[WhiteElo "1794"]
[BlackElo "1782"]
[PlyCount "109"]
[EventDate "2014.05.14"]
[EventType "swiss"]
[EventRounds "5"]
[EventCountry "CAN"]
[SourceTitle "EXT 2022"]
[Source "ChessBase"]
[SourceDate "2021.10.06"]
[SourceVersion "1"]
[SourceVersionDate "2021.10.06"]
[SourceQuality "1"]

1. e4 Nf6 2. e5 Nd5 3. Nc3 Nb6 4. d4 d6 5. exd6 cxd6 6. Bd3 g6 7. Nge2 Bg7 8. Be3 0-0 9. Qd2 Re8 10. h4 h5 11. 0-0-0 Nc6 12. a3 e5 13. dxe5 dxe5 14. Bg5 Bf6 15. Ne4 Bxg5 16. hxg5 Kg7 17. Nf6 Rh8 18. Qe3 Qe7 19. Nc3 Be6 20. Bb5 Nc4 21. Bxc4 Bxc4 22. Rd7 Qe6 23. Rxb7 Nd4 24. Re1 Qf5 25. Nce4 Rhc8 26. c3 Nb3+ 27. Kb1 Rd8 28. Rxb3 Bxb3 29. f3 Rd1+ 30. Rxd1 Bxd1 31. Qd2 Bb3 32. Ka1 Qf4 33. Kb1 Qxd2 34. Nxd2 Be6 35. Kc1 Rd8 36. Nde4 Bb3 37. Nd2 Be6 38. Nde4 h4 39. b4 Kf8 40. a4 Rd3 41. Kc2 Rd8 42. b5 Bf5 43. c4 Bxe4+ 44. Nxe4 Ke7 45. c5 Rd4 46. Kb3 Kd7 47. a5 Kc7 48. a6 Rd1 49. Nd6 Rg1 50. Ka3 Kb8 51. Ne8 Rxg2 52. b6 axb6 53. cxb6 Rd2 54. Nc7 Rd1 55. a7+ 1-0

[Event "Montreal Mercredi 04"]
[Site "Montreal"]
[Date "2014.04.16"]
[Round "3"]
[White "Abdelaal, Ibrahim"]
[Black "Salazar, Andres Felipe"]
[Result "1-0"]
[WhiteElo "1748"]
[BlackElo "1774"]
[PlyCount "87"]
[EventDate "2014.04.02"]
[EventType "swiss"]
[EventRounds "5"]
[EventCountry "CAN"]
[SourceTitle "EXT 2022"]
[Source "ChessBase"]
[SourceDate "2021.10.06"]
[SourceVersion "1"]
[SourceVersionDate "2021.10.06"]
[SourceQuality "1"]

1. e4 c5 2. d4 cxd4 3. c3 dxc3 4. Nxc3 Nc6 5. Nf3 d6 6. Bc4 Nf6 7. e5 dxe5 8. Qxd8+ Kxd8 9. Ng5 Na5 10. Nxf7+ Ke8 11. Nxh8 Nxc4 12. Nb5 Nd5 13. b3 Nd6 14. Nxd6+ exd6 15. Bg5 h6 16. Bd2 Bf5 17. h4 g6 18. h5 g5 19. Ng6 Bg7 20. Rc1 Bd3 21. f3 Kd7 22. Kf2 e4 23. fxe4 Bd4+ 24. Kf3 Nf6 25. Rce1 Re8 26. e5 dxe5 27. Be3 e4+ 28. Kg3 Bc3 29. Rc1 Ba5 30. Bd4 Nd5 31. Ne5+ Kd8 32. Rc5 Nf4 33. Nxd3 Nxd3 34. Rxa5 e3 35. Rd5+ Kc8 36. Bxa7 Nb4 37. Rc1+ Nc6 38. Rdd1 e2 39. Re1 Kd7 40. Rxc6 Kxc6 41. Bf2 Kb5 42. Kf3 Kb4 43. Rxe2 Rxe2 44. Kxe2 1-0